Random Knowledge - Statistics

General Stats
  • This quiz has been taken 1,804 times
  • The average score is 5 of 15
Answer Stats
Hint Answer % Correct
What ocean does the Ring of Fire surround? Pacific Ocean
73%
What is the highest grossing movie of all time? Avatar
68%
A cluster of islands is called a what? Archipelago
59%
Will Ferrel's famous anchorman. Ron Burgundy
46%
French electronic music duo Daft Punk
42%
Eddie Vedder is the lead singer for this band. Pearl Jam
42%
What modern day magician is famous for his street magic and almost super-human control of his body and mind? David Blaine
39%
What does the acronym, LAN, stand for? Local Area Network
39%
Master Chief is the hero of what video game franchise? Halo
36%
This professional baseball team's nickname is "The Tribe". The Cleveland Indians
32%
This NFL team won the 2009 Super Bowl. The Pittsburgh Steelers
27%
In Greek mythology, the Titans were overthrown by what group of younger gods? The Olympians
20%
Who did Mark Zuckerberg allegedly steal the idea of facebook from? The Winklevoss twins
14%
The basic problem of economics... according to economists. Scarcity
6%
This is the largest breed of domesticated cats. Savannah F-1
3%
No matching quizzes found
Score Distribution
Percent of People with Each Score
Percentile by Number Answered
Your Score History
You have not taken this quiz